|
|
|
|
| LEADER |
01922nkm a2200457 a 4500 |
| 001 |
mzk03001046362 |
| 003 |
CZ BrMZK |
| 005 |
20100825094058.0 |
| 007 |
kj aa| |
| 008 |
070306q16511700xx ||| f || k|latod |
| 034 |
0 |
|
|a a
|d E0042600
|e E0042600
|f N0505600
|g N0505600
|
| 040 |
|
|
|a BOA001
|b cze
|
| 043 |
|
|
|a e-be---
|
| 072 |
|
7 |
|a 76
|x Grafické umění. Grafika
|2 Konspekt
|9 21
|
| 080 |
|
|
|a (0.026.6)76
|2 MRF
|
| 080 |
|
|
|a (084.1)
|2 MRF
|
| 080 |
|
|
|a (493)
|2 MRF
|
| 080 |
|
|
|a 912.43:069.5
|2 MRF
|
| 100 |
1 |
|
|a Harrewijn, J.,
|d 1660-1727
|7 mzk2009528591
|4 aut
|
| 245 |
1 |
0 |
|a Arx Vilvordiana
|h [grafika].
|n Pag. 27 /
|c J. Harrewyn fecit
|
| 255 |
|
|
|a Měřítko neuvedeno
|c (004°26´00" v.d.--004°26´00" v.d./050°56´00" s.š.--050°56´00" s.š.)
|
| 260 |
|
|
|a [S.l. :
|b s.n.,
|c mezi 1651 a 1700]
|
| 300 |
|
|
|a 1 grafický list :
|b mědirytina, podlepená papírem ;
|c 15 x 20 cm
|
| 500 |
|
|
|a Podlepeno papírem o velikosti 56 x 65 cm
|
| 500 |
|
|
|a Výzdoba: V levém horním rohu znak španělských Habsburků, v pravém horním rohu znak Brabantska, nahoře uprostřed názvová páska
|
| 501 |
|
|
|a Přívazek 2 k: Castrum Lovaniense / Jacques Harrewijn
|
| 510 |
4 |
|
|a Kuchař, K. Mapová sbírka B.P. Molla,
|c s. 254
|
| 655 |
|
7 |
|a grafické listy
|7 fd132404
|2 czenas
|
| 655 |
|
7 |
|a veduty
|7 fd133805
|2 czenas
|
| 650 |
0 |
4 |
|a Mollova mapová sbírka
|
| 650 |
0 |
7 |
|a mapové sbírky
|z Česko
|7 ph182407
|2 czenas
|
| 610 |
2 |
7 |
|a Moravská zemská knihovna (Brno, Česko).
|b Mapová sbírka B.P. Molla
|7 mzk2005304487
|2 czenas
|
| 651 |
|
7 |
|a Gent (Belgie)
|7 ge221887
|2 czenas
|
| 856 |
4 |
1 |
|u http://mapy.mzk.cz/mzk03/001/046/362/2619268031_03
|y Digitalizovaný dokument
|
| 903 |
|
|
|a RP
|
| 910 |
|
|
|a BOA001
|b Moll-0002.042,přív.2
|
| 978 |
|
|
|b S.n.
|a s.l.
|c 1651-1700
|
| 985 |
|
|
|a 1651-1700
|
| 990 |
|
|
|a GP
|
| 991 |
|
|
|k mzk
|
| 994 |
|
|
|a UP
|l MZK03
|b 001046360
|m přívazek 2
|n záznam 1. díla (pro objednání pokračujte kliknutím)
|